[Event "IND-ch U25 26th"]
[Site "Port Blair"]
[Date "2017.07.14"]
[Round "3"]
[White "Muthu, Palaniappan PL"]
[Black "Kushagra, Mohan"]
[Result "0-1"]
[WhiteElo "1561"]
[BlackElo "2003"]
[PlyCount "116"]
[EventDate "2017.07.13"]
[EventType "swiss"]
[EventRounds "9"]
[EventCountry "IND"]
[SourceTitle "EXT 2018"]
[Source "ChessBase"]
[SourceDate "2017.10.13"]
[SourceVersion "1"]
[SourceVersionDate "2017.10.13"]
[SourceQuality "1"]

1. e4 e5 2. Nf3 Nc6 3. Bb5 a6 4. Bxc6 dxc6 5. h3 Qf6 6. d3 Bd6 7. Be3 Ne7 8. Qd2 h6 9. Nc3 Ng6 10. 0-0-0 Qe7 11. Rhe1 Bd7 12. Kb1 0-0-0 13. Ne2 Kb8 14. a3 f6 15. Qa5 Bc8 16. Nd2 Nh4 17. Rg1 g5 18. Nb3 b6 19. Qc3 c5 20. f3 f5 21. Nec1 f4 22. Bf2 h5 23. Qe1 Ng6 24. Qe2 g4 25. hxg4 hxg4 26. fxg4 Rh2 27. Nd2 Rg8 28. Nf1 Rh7 29. g3 Qg5 30. gxf4 Nxf4 31. Qd2 Nh3 32. Be3 Qh4 33. Rg2 Bxg4 34. Nh2 Rhg7 35. Rf1 Be6 36. Re2 Qh5 37. Rf6 Qe8 38. Nf3 Bg4 39. Rh2 Nf4 40. Nh4 Be7 41. Rxb6+ cxb6 42. Bxf4 exf4 43. Qxf4+ Kb7 44. Nf5 Bxf5 45. Qxf5 Rg1 46. Rh7 R8g7 47. Qd5+ Qc6 48. Qh5 Rxh7 49. Qxh7 Qf6 50. Qh3 Qg5 51. Qd7+ Kb8 52. Qc6 Rxc1+ 53. Ka2 Qf6 54. Qe8+ Kc7 55. Qa8 Rxc2 56. Qa7+ Kc6 57. Qa8+ Kb5 58. Qe8+ Ka5 0-1